Dámaso Alonso para niños / (Record no. 14179)

MARC details
000 -LEADER
campo de control de longitud fija 01034nam a2200301 i 4500
001 - NÚMERO DE CONTROL
campo de control 14179
003 - IDENTIFICADOR DE NÚMERO DE CONTROL
campo de control ES-MaACL
005 - FECHA Y HORA DE LA ÚLTIMA TRANSACCIÓN
campo de control 20250825062626.0
007 - CAMPO FIJO DE DESCRIPCIÓN FÍSICA--INFORMACIÓN GENERAL
campo de control de longitud fija t|
008 - DATOS DE LONGITUD FIJA--INFORMACIÓN GENERAL
campo de control de longitud fija 080110s1985 sp a 001 p spa
020 ## - NÚMERO INTERNACIONAL ESTÁNDAR DEL LIBRO
Número Internacional Estándar del Libro 84-85866-68-1
080 ## - NÚMERO DE LA CLASIFICACIÓN DECIMAL UNIVERSAL
Número de la Clasificación Decimal Universal 087.5:860-14"19"
100 1# - ENTRADA PRINCIPAL--NOMBRE DE PERSONA
Nombre de persona Alonso, Dámaso,
Fechas asociadas al nombre 1898-1990
9 (RLIN) 20195
245 10 - MENCIÓN DEL TÍTULO
Título Dámaso Alonso para niños /
Mención de responsabilidad, etc. edición preparada por María Asunción Mateo ; ilustraciones de Concha Martínez.
250 ## - MENCION DE EDICION
Mención de edición 1ª ed.
260 ## - PUBLICACIÓN, DISTRIBUCIÓN, ETC.
Lugar de publicación, distribución, etc. Madrid :
Nombre del editor, distribuidor, etc. Ediciones de la Torre,
Fecha de publicación, distribución, etc. 1985.
300 ## - DESCRIPCIÓN FÍSICA
Extensión 127 p. :
Otras características físicas il., fot. ;
Dimensiones 22 cm.
490 1# - MENCIÓN DE SERIE
Mención de serie Alba y mayo ;
Designación de volumen o secuencia 9
500 ## - NOTA GENERAL
Nota general Cronología: p.35-38.
599 ## - NOTA A LAS ILUSTRACIONES
NOTA A LAS ILUSTRACIONES Retr. de Dámaso Alonso.
650 #4 - PUNTO DE ACCESO ADICIONAL DE MATERIA--TÉRMINO DE MATERIA
Término de materia o nombre geográfico como elemento de entrada Poesías-
Subdivisión de forma Libros infantiles.
9 (RLIN) 142901
655 #7 - TERMINO DE INDIZACIÓN--GENERO/FORMA
Datos o término principal de género/forma Libros infantiles
Fuente del término tgfbne
9 (RLIN) 226786
700 1# - ENTRADA AGREGADA--NOMBRE PERSONAL
Nombre de persona Mateo, María Asunción.
9 (RLIN) 78950
700 1# - ENTRADA AGREGADA--NOMBRE PERSONAL
Nombre de persona Martínez, Concha.
9 (RLIN) 77728
830 1# - PUNTO DE ACCESO ADICIONAL DE SERIE-TÍTULO UNIFORME
Título uniforme Alba y mayo ;
Designación de volumen o secuencia 9
9 (RLIN) 226408
852 4# - LOCALIZACIÓN
Ubicación ES-MaACL
Número de control de estantería L-21389
Nota libre - Dedicatoria autógrafa de María Asunción Mateo
Holdings
Estatus retirado Estado de pérdida Fuente del sistema de clasificación o colocación Estado de daño No para préstamo Colección Biblioteca de origen Biblioteca actual Ubicación en estantería Fecha de adquisición Total de préstamos Signatura topográfica completa Código de barras Visto por última vez Precio de reemplazo Tipo de ítem Koha Nota pública
    Clasificación decimal universal     Libros con dedicatorias Biblioteca del Ateneo de Madrid Biblioteca del Ateneo de Madrid Depósito 2 17/01/2008   L-21389 1014425 23/02/2023 23/02/2023 Libro impreso Dedicatoria autógrafa del autor